Quiz à la manière de Questions pour un champion - Statistiques

Statistiques générales
  • Ce quiz a été pris 132 fois
  • Le résultat moyen est 12 sur 40
Statistiques - réponses
Difficulté Thème Question Réponse % Correct
1 Musique Chanson anglaise interprété par le groupe Queen, synonyme de victoire dans le monde sportif We Are the Champions
88%
1 Culture Générale Langue s'écrivant de droite à gauche, je dois ma diffusion à l'expansion de l'Islam Arabe
78%
2 Science et Technique Métal blanc et précieux, il est le plus convoité par les sportifs après l'or Argent
67%
2 Religion Saint qui est fêté le 6 décembre de chaque année Saint-Nicolas
67%
3 Science et Technique Appareil souvent utilisé par le FBI, je permettais, au moyen d'électrodes posées sur la peau, de capter les manifestations physiologiques involontaires Détecteur de mensonges
66%
3 Culture Générale Couvre-chef dont la dimension fut d'abord dépendante du grade de celui qui l'a porté, je permets à ceux qui le portent de moins transpirer dans la chaleur des cuisines Toque
58%
2 Géographie Etat d'Asie surnommé le pays du Matin calme Corée du Sud
50%
1 Histoire Régime politique français prenant fin avec l'arrivée au pouvoir du général de Gaulle en 1958 Quatrième République
48%
1 Littérature Série de romans, j'ai pour héros deux filles, Annie et Claude, deux garçons, François et Mick, et un chien nommé Dagobert Le Club des Cinq
47%
1 Animaux Mammifère marin à la fourrure épaisse et soyeuse, appartenant à la tribu des lutrinés Loutre
46%
2 Sport Discipline de sport d'hiver comprenant 4 phases : l'élan, l'impulsion, le vol, l'atterrissage Saut à ski
44%
1 Culture Générale Tissu à carreaux devant mon nom à une ville de l'Allier Vichy
42%
1 Gastronomie Met changeant quotidiennement dans un restaurant ou une brasserie Plat du jour
40%
3 Musique Chanson commençant par les mots "Au-dessus des vieux volcans", j'évoque dans mon refrain l'eau sacré d'un fleuve indien Voyage, voyage
32%
3 Animaux Première race de chat à poils longs apparu en Europe Angora
31%
2 Gastronomie Huile associée au Périgord et au Dauphiné, je suis fabriquée à partir de cerneaux Huile de noix
31%
1 Géographie Etat d'Amérique ayant pour capitale Managua Nicaragua
29%
4 Botanique Champignon appelé localement chevrette ou roussotte, on me ramasse chaque année en France à raison de plus de 1000 tonnes Girolle
24%
3 Littérature Animal de bande dessiné, je tombe amoureux de la jument Province en 2004, je dois au dessinateur Morris ma couleur blanche Jolly Jumper
24%
3 Cinéma Comédienne française ayant obtenu son premier grand rôle au cinéma en 1999 avec Une femme d'extérieur de Christophe Blanc, je me suis affirmée comme co-auteure dès 1993 aux côtés de mon compagnon Jean-Pierre Bacri Agnès Jaoui
19%
2 Musique Chanteur français, on me doit des tubes comme 'Nathalie' ou 'Et maintenant' Gilbert Bécaud
19%
3 Science et Technique Gaz très dangereux à respirer, je provoque des maux de tête, des vomissements, des malaises, mais je suis néanmoins un composant important des gaz d'échappement des voitures Monoxyde de carbone
19%
1 Histoire Tsarine qui réussit à écarter du pouvoir son mari, Pierre III Catherine II
18%
4 Architecture Tour d'environ 96m de haut édifié de 1843 à 1859, j'ai une forme carré, surmonté d'un toit pointu couvert de plaques de fer Big Ben
16%
4 Sport Sportif né en 1955, je suis entré dans la légende de mon sport en 1987 en battant un record détenu par Jackie Stewart depuis 14 ans Alain Prost
15%
4 Géographie Site naturel pouvant être admiré depuis la Prospect Point Observation Tower ou à bord du Maid of the Mist, j'ai été considéré comme un lieu sacré par les Iroquois Chutes du Niagara
14%
2 Religion Prophète séjournant pendant 3 jours dans le ventre d'un grand poisson qui me recrache sur le rivage Jonas
14%
1 Cinéma Acteur britannique, j'ai incarné l'inspecteur Clouseau à six reprises dans la série de films 'La Panthère rose' Peter Sellers
13%
2 Architecture Voie de communication traversant principalement le 10e arrondissement de Paris, je longe le quai de Jemmapes au niveau de l'écluse des Récollets Canal Saint-Martin
12%
3 Vêtement Pièce de lingerie portée par Marlène Dietrich dans le film "L'Ange bleu" Porte-jarretelles
11%
3 Gastronomie Saucisson fabriqué de nos jours dans divers pays européens, comme en Hongrie où il est coloré au paprika Salami
11%
2 Animaux Oiseau au plumage généralement noir, je suis domestiqué en Chine pour la pêche et mesure entre 45 et 100 cm Cormoran
10%
4 Médecine Organes du corps humain au nombre de huit chez l'adulte, nous possédons une couronne comportant deux protubérances appelées cuspides Prémolaires
8%
4 Botanique Plante aromatique originaire d’Asie, je porte le nom scientifique Allium schoenoprasum et j’appartiens à la même famille que l’ail et l’oignon Ciboulette
7%
3 Musique Instrument de musique, surtout joué en Italie où mon usage s’est répandu au XVIIIᵉ siècle, je suis un petit luth à caisse piriforme et à fond bombé Mandoline
7%
4 Prénom Prénom masculin formé des mots signifiants puissant et fort, j'étais l'un des noms germaniques les plus populaires en France avant l'an 1000, très courant en Angleterre qui fut gouverné par trois rois de ce nom Richard
7%
4 Médecine Technique médicale initiée en 1843 par le médecin anglais James Braid, je suis étudiée par les neurologues Charcot et Bernheim Hypnose
6%
4 Histoire Type de citoyens de l'Antiquité considéré comme adulte après une série de rites initiatiques comme la cryptie, je dois ma formation, selon la tradition, au législateur Lycurgue Spartiates
6%
2 Sport Épreuve cycliste remportée à cinq reprises par Fausto Coppi et deux fois par Bernard Hinault Tour de Lombardie
6%
4 Mythologie Lieu de la mythologie, je donne mon nom à un temple néo-dorique dont Louis Ier de Bavière voulut faire un panthéon des grands hommes de la civilisation allemande Walhalla
6%
Aucun quiz correspondant
Distribution des résultats
% des personnes avec chaque résultat
Percentile par nombre de réponses
Votre historique - résultats
Vous n’avez pas pris ce quiz